Petit imaginari de ciència (Registre núm. 66913)

MARC details
000 -LEADER
campo de control de longitud fija 00844aam a2200337a 44500
008 - DATOS DE LONGITUD FIJA--INFORMACIÓN GENERAL
campo de control de longitud fija 160722s2012 cat
017 ## - NÚMERO DE COPYRIGHT O DE DEPÓSITO LEGAL
Número de copyright o de depósito legal B-21043-2012
020 ## - NÚMERO INTERNACIONAL ESTÁNDAR DEL LIBRO
Número Internacional Estándar del Libro 9788498835342
041 ## - CÓDIGO DE IDIOMA
Código de lengua del texto/banda sonora o título independiente cat
100 ## - ENTRADA PRINCIPAL--NOMBRE DE PERSONA
Nombre de persona Estopà, R.
9 (RLIN) 67614
245 ## - MENCIÓN DEL TÍTULO
Título Petit imaginari de ciència
245 ## - MENCIÓN DEL TÍTULO
Mención de responsabilidad, etc. Rosa Estopà (dir.)
260 ## - PUBLICACIÓN, DISTRIBUCIÓN, ETC.
Lugar de publicación, distribución, etc. Barcelona
260 ## - PUBLICACIÓN, DISTRIBUCIÓN, ETC.
Nombre del editor, distribuidor, etc. Publicacions de l'Abadia de Montserrat
260 ## - PUBLICACIÓN, DISTRIBUCIÓN, ETC.
Fecha de publicación, distribución, etc. 2012
300 ## - DESCRIPCIÓN FÍSICA
Extensión 84 p.
Otras características físicas il.
500 ## - NOTA GENERAL
Nota general Categoria gramatical
546 ## - NOTA DE IDIOMA
Llengua de les definicions català
591 ## - Codi de font
Codi de font 10590
592 ## - Tipus obra
Tipus d'obra Obra terminològica
593 ## - Codi CGAT
Codi de la CGAT SXA8
594 ## - Número de document
Número de document 10590
650 ## - PUNTO DE ACCESO ADICIONAL DE MATERIA--TÉRMINO DE MATERIA
Término de materia o nombre geográfico como elemento de entrada ciència
9 (RLIN) 66953
650 ## - PUNTO DE ACCESO ADICIONAL DE MATERIA--TÉRMINO DE MATERIA
Término de materia o nombre geográfico como elemento de entrada diccionaris visuals
9 (RLIN) 60634
901 ## - ELEMENTOS DE DATOS A LOCAL LDA (RLIN)
c <2012>
902 ## - ELEMENTOS DE DATOS B LOCAL, LDB (RLIN)
a 160722
942 ## - ELEMENTOS DE ENTRADA SECUNDARIOS (KOHA)
Tipo de ítem Koha Monografia
Suprimir en OPAC No
Fons
Estatus retirado Estado de pérdida Estado de daño No para préstamo Biblioteca de origen Biblioteca actual Fecha de adquisición Total de préstamos Signatura topográfica completa Código de barras Visto por última vez Precio de reemplazo Tipo de ítem Koha
        TERMCAT TERMCAT 22/07/2016   SXA8 5 15989 30/09/2021 30/09/2021 MO

Implantat amb Koha